Context and capability in educational management (Record no. 64954)

MARC details
000 -CABECERA
campo de control de longitud fija 00570nam a2200205 a 4500
005 - FECHA Y HORA DE LA ÚLTIMA TRANSACCIÓN
campo de control 20210219152950.0
008 - ELEMENTOS DE LONGITUD FIJA--INFORMACIÓN GENERAL
campo de control de longitud fija 991125n 000 0 eng u
035 ## - NÚMERO DE CONTROL DEL SISTEMA
Número de control de sistema UPN01000069377
100 ## - ASIENTO PRINCIPAL--NOMBRE PERSONAL
Nombre de persona GLATTER, Ron
222 ## - TÍTULO CLAVE
Título clave EDUCATIONAL MANAGEMENT AND ADMINISTRATION
245 ## - MENCIÓN DE TÍTULO
Título Context and capability in educational management
260 ## - PUBLICACIÓN, DISTRIBUCIÓN, ETC.
Lugar de publicación, distribución, etc. LONDRES, INGLATERRA
300 ## - DESCRIPCIÓN FÍSICA
Extensión 181-192
362 ## - FECHAS DE PUBLICACIÓN Y/O DESIGNACIÓN SECUENCIAL
Fecha de publicación y/o designación secuencial 1997 25, no. 3 apr.
653 0# - TERMINO DE INDIZACION - NO CONTROLADO
Término no controlado ADMINISTRACION EDUCATIVA
653 0# - TERMINO DE INDIZACION - NO CONTROLADO
Término no controlado LIDERAZGO
653 0# - TERMINO DE INDIZACION - NO CONTROLADO
Término no controlado POLITICA EDUCATIVA
904 ## - ELEMENTOS DE DATOS D LOCAL, LDD (RLIN)
a AC
b 007188
905 ## - TIPO DE MATERIAL
Tipo de material Articulo

No items available.